Top 100 Comic Book Villains Quiz Stats

 Plays Quiz Updated Nov 27, 2018

Support Sporcle.
Go Orange.
Score 0/100 Timer 15:00
15 Plays Today
Position Name % Correct
#2Joker
96.6%
#51Penguin
78.5%
#13Norman Osborn
76.8%
#4Lex Luthor
74.8%
#1Magneto
74.8%
#59Riddler
72.2%
#11Catwoman
70%
#22Venom
68.7%
#28Doctor Octopus
67.5%
#12Two-Face
64.9%
#64Poison Ivy
61.2%
#3Doctor Doom
61.1%
#67Mr. Freeze
59.5%
#72Sandman
57.8%
#34Bane
53.7%
#58Scarecrow
51.7%
#8Loki
47.8%
#14Red Skull
45.9%
#18Mystique
45.6%
#10Kingpin
44.9%
#90Carnage
44.7%
#57Hobgoblin
42.9%
#5Galactus
42.3%
#44Sabretooth
41.7%
#45Harley Quinn
41.4%
#19Juggernaut
38.9%
#24Apocalypse
37.8%
#47Thanos
37.5%
#62Lizard
37.4%
#6Darkseid
37.1%
#7Ra's Al Ghul
36.4%
#15Sinestro
34.7%
#87Electro
34.5%
#46Doomsday
33.2%
Position Name % Correct
#17Brainiac
32.8%
#25Bizarro
32.3%
#20Bullseye
31.8%
#85Mysterio
31.6%
#54Abomination
30.3%
#30General Zod
30.2%
#81Mandarin
30%
#73Clayface
29.4%
#9Dark Phoenix
28.7%
#23Ultron
28.6%
#29Mr. Sinister
27.3%
#32Deathstroke
27.1%
#53Kraven the Hunter
25.8%
#27Captain Cold
24.8%
#43Deadshot
24.3%
#69Cheetah
24%
#31Professor Zoom
23.3%
#38Sentinel
22.3%
#42Talia Al Ghul
21.2%
#35Gorilla Grodd
21.2%
#100Modok
21.1%
#48Mephisto
20.7%
#16Black Adam
19.5%
#40Baron Zemo II
19.2%
#63The Leader
18.7%
#70William Stryker
18.4%
#78Lady Deathstrike
18.3%
#21Ozymandias
18.1%
#52Metallo
18.1%
#37Zoom
17.9%
#65Kang the Conqueror
17.4%
#95Omega Red
16.7%
#56Dormammu
16.3%
#39Shredder
16.2%
Position Name % Correct
#55Sebastian Shaw
16.2%
#79Mirror Master
15.4%
#61Parasite
14.7%
#92Parallax
14.5%
#33Cyborg Superman
14.5%
#99Fin Fang Foom
13.8%
#41Mongul
13%
#49Anti-Monitor
13%
#36Vandal Savage
12.8%
#98Mastermind
12.2%
#76Mister Mxyzptlk
12.1%
#94Annihilus
11.7%
#71Thunderbolt Ross
11.7%
#68Lucifer
11.5%
#84Doctor Light
11.5%
#60Amanda Waller
11.3%
#97Violator
10.8%
#86The Governor
10.5%
#80Prometheus
10.4%
#96Despero
9.6%
#50Cassandra Nova
9.5%
#83Grigori Rasputin
9.1%
#89Shade
9.1%
#74Saint of Killers
9%
#82Doctor Sivana
9%
#26Kid Miracleman
8.8%
#77Proteus
8.8%
#75Magog
8.2%
#66Herr Starr
8.2%
#91The Adversary
7.7%
#93Omni-man
7.6%
#88Hunter Rose
6.8%

From the Vault

NBA 30 PPG Seasons

by ec2tc3

Sports 5m
He shoots...he scores!!! (and repeat)
Remove Ads.
Support Sporcle.
Get the best of Sporcle when you Go Orange. This ad-free experience offers more features, more stats, and more fun while also helping to support Sporcle. Thank you for becoming a member.

Show Comments

Extras

Top Quizzes Today


Score Distribution

Your Account Isn't Verified!

In order to create a playlist on Sporcle, you need to verify the email address you used during registration. Go to your Sporcle Settings to finish the process.

Report this User

Report this user for behavior that violates our Community Guidelines.

Details: